[Epistolae encyclicae pontificum, litterae pastorales et aliae episcoporum]

Konvolút 107 rukopisných a tlačených encyklík pápežov, pastierskych listov a okružných listov biskupov, prípisov biskupov, adresovaných najčastejšie predstavenému františkánov v Žiline

Bibliographic Details
Format: Manuscript Book
Language:Latin
PhysicalDescription:391 strán v rôznom stránkovaní rukopis, strojop., tlač, viazaný 41 cm
Published: [Rôzne miesta vzniku] 1812-1918
Subjects:

MARC

LEADER 00000ctmaa2200000 a 4500
001 vtls011608629
003 SK-MaSNL
005 20260301094640.0
008 230802i1812 vp || 000 0 lat
035 |a urn:nbn:sk:snk-tm00ca98 
035 |a urn:nbn:sk:snk-tm3n292 
035 |a 8F32A774-19A8-495A-A813-4ACBA20F0B47 
040 |a SNKLA  |b slo  |c SNKLA  |e AACR2 
041 0 |a lat 
044 |a vp 
072 7 |a 27-78  |x Kresťanské združenia, spolky a organizácie. Rehoľné rády  |2 konspekt 
080 |a 27-789.32  |2 2011 
080 |a (0.02/.08:27-72)  |2 2011 
080 |a 025.15  |2 2011 
080 |a 025.171  |2 2011 
245 0 0 |a [Epistolae encyclicae pontificum, litterae pastorales et aliae episcoporum] 
260 |a [Rôzne miesta vzniku]  |c 1812-1918 
300 |a 391 strán v rôznom stránkovaní  |b rukopis, strojop., tlač, viazaný  |c 41 cm 
500 |a Pečate a pečiatky, prevažne nitrianskych biskupov 
520 2 |a Konvolút 107 rukopisných a tlačených encyklík pápežov, pastierskych listov a okružných listov biskupov, prípisov biskupov, adresovaných najčastejšie predstavenému františkánov v Žiline 
555 0 |a Inventár rukopisov Archívu literatúry a umenia Matice slovenskej. Rukopisy historických knižníc na Slovensku I. Martin: Matica slovenská 1992 
610 2 7 |a Františkáni (Žilina, Slovensko)  |b Salvatoriánska provincia  |2 SNKLA  |9 345647 
610 2 7 |a Františkáni  |2 SNKKA  |9 174796 
655 7 |a cirkevné dokumenty  |2 SNKPH  |9 179657 
655 7 |a korešpondencia  |2 SNKPH  |9 60843 
655 7 |a rukopisy  |2 SNKPH  |9 70548 
852 |a Slovenská národná knižnica  |b Literárny archív 
958 |a ZH 
958 |a LAVD 
999 |c 680902  |d 682832 
952 |a SNKLA  |b SNKLA  |c SNKLA_DEP  |y NEVYP  |7 0  |p 17A1192157  |o snkRHKS 474  |0 0  |1 0  |4 0  |d 2017-02-03  |f 1  |l 0  |r 2026-02-23 19:56:18  |w 2026-02-23